Surveillance, counter terrorism and comparative constitutionalism (Record no. 969373)

MARC details
000 -LEADER
fixed length control field 00962nam a2200289Ia 4500
003 - CONTROL NUMBER IDENTIFIER
control field OSt
005 - DATE AND TIME OF LATEST TRANSACTION
control field 20221005062222.0
008 - FIXED-LENGTH DATA ELEMENTS--GENERAL INFORMATION
fixed length control field 221004b |||||||| |||| 00| 0 eng d
020 ## - INTERNATIONAL STANDARD BOOK NUMBER
International Standard Book Number 9781138094316 (pbk)
037 ## - SOURCE OF ACQUISITION
Terms of availability Textual
040 ## - CATALOGING SOURCE
Original cataloging agency CRL
Transcribing agency CRL
Language of cataloging eng
041 ## - LANGUAGE CODE
Source of code eng
Language code of text/sound track or separate title eng
100 ## - MAIN ENTRY--PERSONAL NAME
Personal name Davis Fergal Ed.
9 (RLIN) 601571
245 #0 - TITLE STATEMENT
Title Surveillance, counter terrorism and comparative constitutionalism
260 ## - PUBLICATION, DISTRIBUTION, ETC.
Place of publication, distribution, etc. London
Name of publisher, distributor, etc. Routledge UK
Date of publication, distribution, etc. 2014
300 ## - PHYSICAL DESCRIPTION
Extent xiv,340p.
Dimensions cm.
490 ## - SERIES STATEMENT
Series statement Routledge research in terrorism and the law
650 ## - SUBJECT ADDED ENTRY--TOPICAL TERM
Topical term or geographic name entry element LAW
700 ## - ADDED ENTRY--PERSONAL NAME
Personal name McGarrity Nicola Ed.
9 (RLIN) 459215
700 ## - ADDED ENTRY--PERSONAL NAME
Personal name Williams George Ed.
9 (RLIN) 443674
942 ## - ADDED ENTRY ELEMENTS (KOHA)
Classification part Z, Q4
Koha item type Textual
Source of classification or shelving scheme
Holdings
Withdrawn status Lost status Damaged status Not for loan Home library Current library Date acquired Source of acquisition Total Checkouts Full call number Barcode Date last seen Price effective from Koha item type
        Central Library Central Library 2022-10-05 066, 04/03/2021, Classic Book Service   Z Q4 BL0000815 Bra 2022-10-05 2022-10-05 Textual
Copyright @ Delhi University Library System